Migračné tendencie v 21. storočí

Teoretické východiská a vývojové tendencie medzinárodnej migrácie. Vývoj medzinárodnej migrácie v roku 1990, 2000 a 2013. Desať krajín s najväčším počtom migrantov v rokoch 1990, 2000 a 2013. Environmentálna migrácia ako významný fenomén súčasnosti. Faktory vplývajúce na migračné rozhodnutie.

Guardado en:
Detalles Bibliográficos
Autor principal: Ďuranová, Lucia
Formato: Capítulo de libro
Lenguaje:eslovaco
Materias:
Etiquetas: Agregar Etiqueta
Sin Etiquetas, Sea el primero en etiquetar este registro!

MARC

LEADER 00000nla a2200000 4500
001 0181011
005 20240502073110.8
041 0 |a slo 
044 |a SK 
245 1 0 |a Migračné tendencie v 21. storočí  |c Lucia Ďuranová 
520 |a Teoretické východiská a vývojové tendencie medzinárodnej migrácie. Vývoj medzinárodnej migrácie v roku 1990, 2000 a 2013. Desať krajín s najväčším počtom migrantov v rokoch 1990, 2000 a 2013. Environmentálna migrácia ako významný fenomén súčasnosti. Faktory vplývajúce na migračné rozhodnutie. 
610 2 0 |a migrácia 
610 2 0 |a svet 
610 2 0 |a pohromy živelné 
100 1 |a Ďuranová, Lucia